| 000 | 00360 a2200157 4500 | ||
|---|---|---|---|
| 001 | 75436 | ||
| 020 | _a978-85-10-05450-8 | ||
| 040 | _cAnchieta - Colégio São Paulo | ||
| 100 | _aMurashima, Mary | ||
| 240 | 1 | 0 |
_aEntre linhas e pontos, 3 _lpor |
| 245 | 1 | 0 | _aEntre linhas e pontos, 3 |
| 300 | _a399 | ||
| 362 | 0 | _a2013 | |
| 650 | 4 | _aPortuguês | |
| 942 | _cBK | ||
| 999 |
_c75436 _d75436 |
||